000 00783nam a2200205 i 4500
001 35796
003 ES-MaACL
007 t|
008 030214s1982 sp ||||1| spa d
100 1 _aBracegirdle, Brian.
_931232
245 1 0 _aAtlas de estructura vegetal /
_cBrian Bracegirdle y Patricia H. Miles ; edición dirigida y revisada por Rafael Alvarado ; [traducido por Benjamín Fernández Ruiz, Blanca González Gallo, Isabel Suárez].
260 _aMadrid :
_bParaninfo,
_c1982.
300 _aX p., 123 lám. ;
_c25 cm.
700 1 _aMiles, Patricia H.
_981099
700 1 _aAlvarado, Rafael.
_920596
700 1 _aFernández Ruiz, Benjamín.
_950053
700 1 _aGonzález Gallo, Blanca.
_958642
700 1 _aSuárez, Isabel.
_9108563
852 _aES-MaACL
_jL-3795
_bR.104513
999 _c35796
_d35796